کليا ت مکا تيب ا قبا ل (Record no. 172317)

MARC details
000 -LEADER
fixed length control field 00646nam a22001937a 4500
005 - DATE AND TIME OF LATEST TRANSACTION
control field 20200131150330.0
010 ## - LCCN (DPL NO)
LC control number A-431150
020 ## - INTERNATIONAL STANDARD BOOK NUMBER
Terms of availability 170.00
International Standard Book Number -
035 ## - SYSTEM CONTROL NUMBER
System control number A-431150
037 ## - SOURCE OF ACQUISITION
Source of stock number/acquisition DBAD/PUB
Stock number -
082 ## - DEWEY DECIMAL CLASSIFICATION NUMBER
Classification number 846
100 ## - MAIN ENTRY--PERSONAL NAME
Personal name سيد مظفر حسين بر نی
245 ## - TITLE STATEMENT
Title کليا ت مکا تيب ا قبا ل
Statement of responsibility, etc سيد مظفر حسين بر نی
246 ## - VARYING FORM OF TITLE
Remainder of title Kuliyat-e-Makatib-e-Iqbal (Urdu)
Title proper/short title by Syed Muzafer Hussain Barni
260 ## - PUBLICATION, DISTRIBUTION, ETC. (IMPRINT)
Place of publication, distribution, etc Delhi
Name of publisher, distributor, etc Urdu Academy
Date of publication, distribution, etc 1989 ء
270 ## - ADDRESS
Address Ghata Masjid Road,Darya Ganj,
City Delhi
Postal code 110002
Telephone number -
Fax number -
300 ## - PHYSICAL DESCRIPTION
Extent 1207 ص
Dimensions 22 Cm(Hb)
942 ## - ADDED ENTRY ELEMENTS (KOHA)
Source of classification or shelving scheme Dewey Decimal Classification
Item type Urdu Bks
Classification part 846
Call number suffix ا ق ب
Holdings
Withdrawn status Lost status Not for loan Collection code Home library Current library Date acquired Source of acquisition Cost, normal purchase price Full call number Barcode Copy number Cost, replacement price Koha item type
      Non-fiction Central Library Central Library 31/01/2020 BPPD/Ven. 170.00 846 ا ق ب A-431150 1 170.00 Urdu Bks

© Delhi Public Library
Hit Counter
free hit counter